| 000 | 00503nam a2200193Ia 4500 | ||
|---|---|---|---|
| 008 | 230125s9999 xx 000 0 und d | ||
| 020 | _a978-93-80472-24-9 | ||
| 041 | _aeng | ||
| 082 |
_a020 _bJAN |
||
| 100 |
_aJanakiraman C _9109021 |
||
| 245 | _aDigital Libraries | ||
| 260 |
_c2011 _bPacific Books International _aNew Delhi |
||
| 300 | _a272p | ||
| 500 | _aDigital Library | ||
| 650 |
_aLibrary Science _9106840 |
||
| 700 |
_aJanakiraman C _9109021 |
||
| 906 | _b180 | ||
| 999 |
_c85729 _d85729 |
||